MARC

LEADER 00000nam0a2200000 4500
001 287048
005 20231101235942.0
020 |a RU  |b 85-53214 
035 |a (RuTPU)RU\TPU\book\311418 
090 |a 287048 
100 |a 20150312d1985 m y0rusy5003 ca 
101 0 |a rus 
102 |a RU 
105 |a a j 001zy 
200 1 |a Применение метода комбинационного рассеяния света в минералогии  |e [учебное пособие]  |f Р. Ю. Орлов, М. Е. Успенская, Е. В. Гусева 
210 |a Москва  |c Изд-во Московского ун-та  |d 1985 
215 |a 112 с.  |c ил. 
320 |a Библиогр.: с. 111 
606 1 |a Минералы  |x Кристаллооптический анализ  |2 stltpush  |3 (RuTPU)RU\TPU\subj\80733  |9 88334 
610 1 |a комбинационное рассеяние 
610 1 |a свет 
610 1 |a спектроскопия 
610 1 |a кристаллооптический анализ 
610 1 |a колебания 
610 1 |a кристаллы 
610 1 |a учебные пособия 
675 |a 549.08:54(075.8)  |z rus  |v 3 
700 1 |a Орлов  |b Р. Ю.  |g Роман Юрьевич 
701 1 |a Успенская  |b М. Е.  |g Марина Евгеньевна 
701 1 |a Гусева  |b Е. В.  |g Елена Владимировна 
801 0 |a RU  |b RuMRKP  |c 19950704  |g psbo 
801 1 |a RU  |b 63413507  |c 20150312 
801 2 |a RU  |b 63413507  |c 20220801  |g RCR 
942 |c BK